| 000 | 01069nam a2200217Ia 4500 | ||
|---|---|---|---|
| 999 |
_c37663 _d37663 |
||
| 001 | 3635 | ||
| 003 | GE_BSU | ||
| 005 | 20190520181747.0 | ||
| 008 | 181216s1975||||ge |||||||||||||| ||geo|| | ||
| 040 | _cGE_BSU | ||
| 041 | _ageo | ||
| 080 | _a528.48(075.8):622.1 თ–40 | ||
| 100 |
_aთევზაძე,ნ. _91425 |
||
| 245 |
_aსაინჟინრო გეოდეზია : 10 ნაწილად. ნაწ. 6 : გეომეტრიული ოპტიკა, კუთხსაზომი ხელსაწყოები და ინსტრუმენტები / _cნიკოლოზ თევზაძე ; რედ : პ. ლაბარტყავა. |
||
| 264 |
_aთბილისი : _bგანათლება, _c1975. |
||
| 300 |
_a415 გვ .: _c26 სმ. |
||
| 653 | _aგეომეტრიული ოპტიკა | ||
| 653 | _aკუთხსაზომი ხელსაწყოები | ||
| 700 |
_aლაბარტყავა, პ _eრედაქტორი _9523 |
||
| 942 |
_cBK _2udc |
||